| 000 | 00534nam a22001817a 4500 | ||
|---|---|---|---|
| 003 | CEME | ||
| 005 | 20210628203625.0 | ||
| 008 | 210203b xxu||||| |||| 00| 0 eng d | ||
| 020 | _a0-8031-0430-8 | ||
| 040 | _c. | ||
| 082 | _a628.50287 HAZ | ||
| 100 |
_aPetros, James K _966606 |
||
| 245 | _aHazardous and industrial solid waste testing, 4th symposium | ||
| 260 |
_aNEW YORK _bASTM _c1985 |
||
| 300 | _a371P | ||
| 650 |
_aFACTORY AND TRADE WASTE TESTING CONGRESSES, HAZARDOUS WASTES TESTING CONGRESSES _966607 |
||
| 942 |
_cBK _2ddc |
||
| 999 |
_c574547 _d574547 |
||